Normal view
MARC view
- Etaywe, Awni S؛ Revised Khalid Alodaili, Adnann Etaiwi
Entry Personal Name
001 - CONTROL NUMBER
- control field: 3691
003 - CONTROL NUMBER IDENTIFIER
- control field: JO-AjAnu
005 - DATE AND TIME OF LATEST TRANSACTION
- control field: 20230606070916.0
008 - FIXED-LENGTH DATA ELEMENTS
- fixed length control field: 230606|| aca||aabn | a|a d
040 ## - CATALOGING SOURCE
- Original cataloging agency: JO-AjAnu
- Transcribing agency: JO-AjAnu
100 ## - HEADING--PERSONAL NAME
- Personal name: Etaywe, Awni S؛ Revised Khalid Alodaili, Adnann Etaiwi
670 ## - SOURCE DATA FOUND
- Source citation: Work cat.: (JO-AjAnu)1925: Etaywe, Awni S؛ Revised Khalid Alodaili, Adnann Etaiwi, author, The Binos: English - Arabic dictionary of the key and common miliary terms, expreeions and bbreviations, Plus Useful Supplement